India's culture : (Record no. 26888)
[ view plain ]
| 000 -LEADER | |
|---|---|
| fixed length control field | 03126nam a22004215a 4500 |
| 005 - DATE AND TIME OF LATEST TRANSACTION | |
| control field | 20090528122928.0 |
| 008 - FIXED-LENGTH DATA ELEMENTS--GENERAL INFORMATION | |
| fixed length control field | 090429s2009 ii af b 001 0 eng |
| 010 ## - LCCN (DPL NO) | |
| LC control number | ENG-93780 |
| 020 ## - INTERNATIONAL STANDARD BOOK NUMBER | |
| International Standard Book Number | 9780198060635 |
| Terms of availability | 725.00 |
| 020 ## - INTERNATIONAL STANDARD BOOK NUMBER | |
| International Standard Book Number | 0198060637 |
| Terms of availability | 725.00 |
| 035 ## - SYSTEM CONTROL NUMBER | |
| System control number | EN-77313 |
| 035 ## - SYSTEM CONTROL NUMBER | |
| System control number | B-361781-787 |
| 037 ## - SOURCE OF ACQUISITION | |
| Source of stock number/acquisition | DBAD / PUB |
| 037 ## - SOURCE OF ACQUISITION | |
| Source of stock number/acquisition | Uppal Book Store |
| 040 ## - CATALOGING SOURCE | |
| Original cataloging agency | dpl |
| Language of cataloging | English |
| 082 ## - DEWEY DECIMAL CLASSIFICATION NUMBER | |
| Classification number | 306.0954 |
| 100 ## - MAIN ENTRY--PERSONAL NAME | |
| Personal name | Balmiki Prasad Singh |
| 245 ## - TITLE STATEMENT | |
| Title | India's culture : |
| Remainder of title | the state, the arts, and beyond / |
| Statement of responsibility, etc | by Balmiki Prasad Singh. |
| 250 ## - EDITION STATEMENT | |
| Edition statement | 2nd ed. |
| 260 ## - PUBLICATION, DISTRIBUTION, ETC. (IMPRINT) | |
| Place of publication, distribution, etc | New Delhi |
| Name of publisher, distributor, etc | Oxford University Press |
| Date of publication, distribution, etc | 2009 |
| 270 ## - ADDRESS | |
| Address | YMCA Library Building, Jai Singh Road |
| City | New Delhi |
| Postal code | 110001 |
| 300 ## - PHYSICAL DESCRIPTION | |
| Extent | li, 263 p., [6] leaves of plates : |
| Other physical details | ill. (some col.) ; |
| Dimensions | 23cm(Hb) |
| 500 ## - GENERAL NOTE | |
| General note | Includes bibliographical references and index |
| 650 ## - SUBJECT ADDED ENTRY--TOPICAL TERM | |
| Topical term or geographic name as entry element | Culture |
| General subdivision | Government policy |
| Geographic subdivision | India |
| 650 ## - SUBJECT ADDED ENTRY--TOPICAL TERM | |
| Topical term or geographic name as entry element | Arts and society |
| Geographic subdivision | India |
| 651 ## - SUBJECT ADDED ENTRY--GEOGRAPHIC NAME | |
| Geographic name | India |
| General subdivision | Civilization |
| -- | History. |
| 942 ## - ADDED ENTRY ELEMENTS (KOHA) | |
| Source of classification or shelving scheme | Dewey Decimal Classification |
| Item type | English Books |
| Call number suffix | BAL |
| Classification part | 306.0954 |
| Withdrawn status | Lost status | Source of classification or shelving scheme | Damaged status | Not for loan | Collection code | Home library | Current library | Date acquired | Source of acquisition | Cost, normal purchase price | Total Checkouts | Full call number | Barcode | Date last seen | Copy number | Cost, replacement price | Koha item type | Total Renewals |
|---|---|---|---|---|---|---|---|---|---|---|---|---|---|---|---|---|---|---|
| Dewey Decimal Classification | Non-fiction | Andrews Gunj | Andrews Gunj | 26/03/2010 | Uppal Book Store/UBS 9017/30.10.09/128/16.10.09/30.10.09 | 725.00 | 306.0954 BAL | B-361785 | 26/03/2010 | 1 | 725.00 | English Books | ||||||
| Dewey Decimal Classification | Non-fiction | Central Library | Central Library | 26/03/2010 | Uppal Book Store/UBS 9017/30.10.09/128/16.10.09/30.10.09 | 725.00 | 1 | 306.0954 BAL | B-361781 | 30/08/2017 | 1 | 725.00 | English Books | |||||
| Dewey Decimal Classification | Not For Loan | Non-fiction | D.B.Act.Division | D.B.Act.Division | 28/05/2009 | DBAD / PUB | 725.00 | 306.0954 BAL | EN-77313 | 28/05/2009 | 1 | 725.00 | English Books | |||||
| Dewey Decimal Classification | Non-fiction | Karol Bagh | Karol Bagh | 26/03/2010 | Uppal Book Store/UBS 9017/30.10.09/128/16.10.09/30.10.09 | 725.00 | 306.0954 BAL | B-361787 | 26/03/2010 | 1 | 725.00 | English Books | ||||||
| Dewey Decimal Classification | Non-fiction | Patel Nagar | Patel Nagar | 26/03/2010 | Uppal Book Store/UBS 9017/30.10.09/128/16.10.09/30.10.09 | 725.00 | 306.0954 BAL | B-361782 | 26/03/2010 | 1 | 725.00 | English Books | ||||||
| Dewey Decimal Classification | Non-fiction | R.K.Puram-8 | R.K.Puram-8 | 26/03/2010 | Uppal Book Store/UBS 9017/30.10.09/128/16.10.09/30.10.09 | 725.00 | 306.0954 BAL | B-361784 | 26/03/2010 | 1 | 725.00 | English Books | ||||||
| Dewey Decimal Classification | Non-fiction | Sarojini Nagar | Sarojini Nagar | 26/03/2010 | Uppal Book Store/UBS 9017/30.10.09/128/16.10.09/30.10.09 | 725.00 | 306.0954 BAL | B-361783 | 26/03/2010 | 1 | 725.00 | English Books | ||||||
| Dewey Decimal Classification | Non-fiction | Shahdara Branch | Shahdara Branch | 26/03/2010 | Uppal Book Store/UBS 9056/6.11.09/128/16.10.09/12.11.09 | 725.00 | 1 | 306.0954 BAL | B-363055 | 25/09/2019 | 1 | 725.00 | English Books | 1 | ||||
| Dewey Decimal Classification | Non-fiction | Vinoba Puri | Vinoba Puri | 26/03/2010 | Uppal Book Store/UBS 9017/30.10.09/128/16.10.09/30.10.09 | 725.00 | 4 | 306.0954 BAL | B-361786 | 28/12/2018 | 1 | 725.00 | English Books | 1 |
